000 00345nam a2200133Ia 4500
008 240614s9999 xx 000 0 und d
041 _aeng
100 _aArvind, H.R.
_9206135
245 _aMicrocontroller Architecture and Programming
250 _a1st
260 _bVision
_c2022
_aPune
300 _a4.3
650 _aMicrocontrollers
_9206817
999 _c358192
_d358192